[Event "1.CLZ 24/25,Cesky lev Kolesovice-DP Praha"]
[Site "Kolesovice"]
[Date "2025.01.05"]
[Round "5.4"]
[White "Hrabusa, Matej"]
[Black "Svoboda, Svatopluk"]
[WhiteElo "2356"]
[BlackElo "2345"]
[Result "0-1"]
[PlyCount "106"]

1. c4 c5 2. g3 Nf6 3. Bg2 d5 4. cxd5 Nxd5 5. Nc3 Nc7 6. Nf3 Nc6 7. a3 Rb8 8.
O-O e5 9. b4 cxb4 10. axb4 Bxb4 11. Qa4 Qe7 12. Ne1 Bd7 13. Nd3 a5 14. Nxb4
axb4 15. Nd5 Nxd5 16. Bxd5 Nd4 17. Qd1 Qc5 18. Bg2 Bg4 19. Re1 Nc2 20. d4 exd4
21. Bf4 Nxe1 22. Rc1 Qe7 23. Bxb8 O-O 24. Qxd4 Qxe2 25. Bd6 Re8 26. Bxb4 Nf3+
27. Bxf3 Qxf3 28. Bc3 f6 29. Qc4+ Be6 30. Qf4 Qxf4 31. gxf4 Bh3 32. Be1 Re4 33.
Bd2 Re2 34. Bb4 Ra2 35. Be1 b5 36. Rc3 Ra1 37. Rxh3 Rxe1+ 38. Kg2 Re7 39. Rb3
Rb7 40. Kf3 Kf7 41. Ke4 Ke6 42. f5+ Kd6 43. Kd4 b4 44. Kc4 Kc6 45. Re3 b3 46.
Rxb3 Rxb3 47. Kxb3 Kd5 48. Kc3 Ke4 49. Kd2 Kf3 50. Ke1 Kg2 51. h4 Kh3 52. h5
Kg4 53. h6 gxh6 0-1

[Event "1.CLZ 24/25,Cesky lev Kolesovice-DP Praha"]
[Site "Kolesovice"]
[Date "2025.01.05"]
[Round "5.5"]
[White "Walek, Petr"]
[Black "Pachmann, Ales"]
[WhiteElo "2256"]
[BlackElo "2286"]
[Result "1/2-1/2"]
[PlyCount "84"]

1. e4 c5 2. Nf3 Nc6 3. Nc3 g6 4. d4 cxd4 5. Nxd4 Bg7 6. Be3 Nf6 7. Bc4 O-O 8.
Bb3 Qc7 9. f3 a6 10. Qd2 b5 11. O-O-O Bb7 12. h4 h5 13. g4 e6 14. Nxc6 Bxc6 15.
Bf4 Qb7 16. gxh5 Nxh5 17. Bd6 Rfc8 18. Nd5 Kh7 19. Qa5 Bf8 20. Bh2 Bc5 21. Rd3
Qa7 22. Nb4 Bb6 23. Nxc6 dxc6 24. Qd2 Rd8 25. Rd1 a5 26. a4 Rxd3 27. Qxd3 Rd8
28. Qf1 Rxd1+ 29. Qxd1 Qe7 30. Kb1 Bc5 31. Be5 b4 32. Ka2 f6 33. Bh2 Ng7 34.
Qd3 Bf2 35. Qc4 Qb7 36. e5 f5 37. Qf4 Qe7 38. Qd2 Qxh4 39. Bf4 Be1 40. Qe3 Bf2
41. Qd2 Be1 42. Qe3 Bf2 1/2-1/2

[Event "1.CLZ 24/25,Cesky lev Kolesovice-DP Praha"]
[Site "Kolesovice"]
[Date "2025.01.05"]
[Round "5.6"]
[White "Fedorov, Evgenii"]
[Black "Vagner, Tomas"]
[WhiteElo "2248"]
[BlackElo "2239"]
[Result "0-1"]
[PlyCount "62"]

1. e4 c5 2. Nf3 Nc6 3. d4 cxd4 4. Nxd4 Nf6 5. Nc3 d6 6. Bg5 e6 7. Qd2 a6 8.
O-O-O Bd7 9. f4 h6 10. Bh4 Nxe4 11. Qe1 Nf6 12. Nf5 Qa5 13. Nxd6+ Bxd6 14. Rxd6
O-O-O 15. Qd2 Ne7 16. Bxf6 gxf6 17. Bc4 Qc7 18. Rd1 Nf5 19. Rd3 Bc6 20. g3 h5
21. Qe2 Rxd3 22. Rxd3 Kb8 23. Qf2 Rg8 24. Ne2 h4 25. Rc3 Qa5 26. Ra3 Qb4 27.
Bxa6 hxg3 28. hxg3 Rh8 29. Bd3 Rh1+ 30. Ng1 Qd4 31. Qxd4 Nxd4 0-1

[Event "1.CLZ 24/25,Cesky lev Kolesovice-DP Praha"]
[Site "Kolesovice"]
[Date "2025.01.05"]
[Round "5.7"]
[White "Movsesian, Julia"]
[Black "Pribyl, Josef"]
[WhiteElo "2212"]
[BlackElo "2193"]
[Result "1-0"]
[PlyCount "75"]

1. e4 c5 2. Nf3 Nf6 3. e5 Nd5 4. Nc3 e6 5. d4 Nxc3 6. bxc3 d5 7. exd6 Bxd6 8.
Bd3 Qc7 9. Nd2 Nd7 10. Ne4 cxd4 11. cxd4 Bb4+ 12. Bd2 Bxd2+ 13. Qxd2 O-O 14.
O-O b6 15. Rae1 Bb7 16. Re3 h6 17. Rfe1 Rfe8 18. Rg3 Rad8 19. Bb5 Re7 20. Bxd7
Bxe4 21. Rxe4 Rdxd7 22. Rh4 Qe5 23. c3 f5 24. Rxh6 f4 25. Rg4 Qf5 26. h3 e5 27.
Rc6 Rd8 28. Qe2 e4 29. Qc4+ Kf8 30. Rh4 Rd5 31. Rc8+ Kf7 32. Rxf4 Qxf4 33.
Qxd5+ Re6 34. Qh5+ Rg6 35. Qd5+ Re6 36. g3 Qc1+ 37. Kg2 Qd1 38. Qf5+ 1-0

[Event "1.CLZ 24/25,Cesky lev Kolesovice-DP Praha"]
[Site "Kolesovice"]
[Date "2025.01.05"]
[Round "5.8"]
[White "Adamek, Zdenek"]
[Black "Ksana, Vaclav"]
[WhiteElo "2090"]
[BlackElo "2135"]
[Result "1/2-1/2"]
[PlyCount "84"]

1. d4 d5 2. c4 e5 3. dxe5 Ne7 4. cxd5 Qxd5 5. Qxd5 Nxd5 6. a3 Nc6 7. Nf3 h6 8.
e4 Nb6 9. Nc3 Be6 10. Bb5 O-O-O 11. Bxc6 bxc6 12. O-O g5 13. Be3 c5 14. Rad1
Be7 15. Rxd8+ Rxd8 16. Rd1 Rxd1+ 17. Nxd1 Nc4 18. Bc1 Bg4 19. Kf1 Kd7 20. Ne3
Bxf3 21. gxf3 Nxe5 22. Ke2 Nc6 23. Nf5 Bf6 24. Nxh6 Nd4+ 25. Kd3 Nxf3 26. Ng4
Bg7 27. b3 Ke6 28. a4 f5 29. exf5+ Kxf5 30. Ne3+ Kg6 31. Nd5 Bf8 32. Nxc7 Bd6
33. Nb5 Bb8 34. Be3 a6 35. Nc3 Nd4 36. Bxd4 cxd4 37. Kxd4 Ba7+ 38. Ke4 Bxf2 39.
h3 Kh5 40. Kf3 Be1 41. Nd5 Kh4 42. Kg2 a5 1/2-1/2

[Event "1.CLZ 24/25,Slavoj Litomerice-Lysa nad Labem B"]
[Site "Litomerice"]
[Date "2025.01.05"]
[Round "5.1"]
[White "Hollan, Petr"]
[Black "Kraus, Tomas"]
[WhiteElo "2224"]
[BlackElo "2444"]
[Result "0-1"]
[PlyCount "66"]

1. e4 e5 2. Nf3 Nc6 3. Bb5 Nge7 4. Nc3 Ng6 5. d4 Nxd4 6. Nxd4 exd4 7. Qxd4 c6
8. Be2 Qb6 9. Qd1 Be7 10. O-O O-O 11. Kh1 d6 12. f4 f5 13. Bd3 fxe4 14. Nxe4 d5
15. Ng3 Bd7 16. Nh5 Rae8 17. b3 Bf6 18. Nxf6+ Rxf6 19. Qh5 Ref8 20. Bb2 Rxf4
21. Rxf4 Rxf4 22. Bxg6 hxg6 23. Qe5 Rf7 24. Bd4 c5 25. Bg1 d4 26. Re1 Qc6 27.
Qb8+ Kh7 28. Qg3 Qf6 29. Re4 Bc6 30. Rh4+ Kg8 31. Qh3 Bxg2+ 32. Qxg2 Qxh4 33.
Qxg6 Qf6 0-1

[Event "1.CLZ 24/25,Slavoj Litomerice-Lysa nad Labem B"]
[Site "Litomerice"]
[Date "2025.01.05"]
[Round "5.2"]
[White "Vykouk, Jan"]
[Black "Brejnik, Gustav"]
[WhiteElo "2470"]
[BlackElo "2242"]
[Result "1-0"]
[PlyCount "157"]

1. e4 c6 2. Nf3 d5 3. Nc3 Bg4 4. h3 Bxf3 5. Qxf3 e6 6. Be2 Bc5 7. Qg3 Bd4 8.
exd5 exd5 9. O-O Nd7 10. Bd1 Ne7 11. Ne2 Be5 12. Qf3 d4 13. c3 Nc5 14. b4 Ne6
15. Bb3 O-O 16. Qe4 Qd6 17. f4 Bf6 18. Bb2 a5 19. a3 axb4 20. cxb4 Rad8 21. Ng3
g6 22. Qf3 Bg7 23. f5 Nxf5 24. Nxf5 gxf5 25. Qxf5 Qg3 26. Rf3 Qg6 27. Raf1 Ng5
28. Rg3 Qxf5 29. Rxf5 Ne4 30. Rg4 Nxd2 31. Ba2 Kh8 32. Rf2 f5 33. Rxg7 Kxg7 34.
Rxd2 Kg6 35. Kf2 b6 36. Bxd4 c5 37. bxc5 bxc5 38. Bc3 Rxd2+ 39. Bxd2 Ra8 40.
Bc1 Rb8 41. Ke2 Kf6 42. Kd3 Rd8+ 43. Kc2 Ke5 44. g3 Kd4 45. Be6 Ke5 46. Bc4 Kd4
47. Bd3 Rd5 48. Bb2+ Ke3 49. Bc4 Rd2+ 50. Kb3 Ke4 51. Bb5 Rh2 52. h4 f4 53.
gxf4 Rxh4 54. Kc4 Rh2 55. Bc3 Kxf4 56. a4 h5 57. a5 Re2 58. a6 h4 59. Bd7 Kg3
60. a7 Ra2 61. Be5+ Kg2 62. Bc6+ Kg1 63. a8=Q Rxa8 64. Bxa8 h3 65. Bd6 h2 66.
Bxc5+ Kf1 67. Kd3 h1=Q 68. Bxh1 Ke1 69. Bg2 Kd1 70. Bf2 Kc1 71. Kc3 Kb1 72. Bd5
Kc1 73. Bb3 Kb1 74. Be3 Ka1 75. Bd5 Kb1 76. Kb3 Ka1 77. Be6 Kb1 78. Bf5+ Ka1
79. Bd4# 1-0

[Event "1.CLZ 24/25,Slavoj Litomerice-Lysa nad Labem B"]
[Site "Litomerice"]
[Date "2025.01.05"]
[Round "5.3"]
[White "Jirasko, Miroslav"]
[Black "Pulpan, Jakub"]
[WhiteElo "2238"]
[BlackElo "2407"]
[Result "0-1"]
[PlyCount "74"]

1. d4 d5 2. c4 e6 3. Nc3 Bb4 4. e3 c5 5. cxd5 exd5 6. dxc5 Nc6 7. Nf3 Nf6 8.
Bb5 Bxc5 9. Nd4 Bd7 10. O-O Bd6 11. Nxc6 bxc6 12. Be2 Qe7 13. Bf3 Be5 14. Bd2
h5 15. e4 d4 16. Ne2 c5 17. Nf4 Qd6 18. g3 h4 19. Re1 Kf8 20. Bg2 c4 21. a3 Kg8
22. Bb4 Qb6 23. Nd5 Nxd5 24. exd5 Bf6 25. Rc1 Rc8 26. Be7 Rh6 27. g4 d3 28. b3
h3 29. Bf1 Bxe7 30. Rxe7 Bxg4 31. Rxc4 Bxd1 32. Rxc8+ Kh7 33. Bxd3+ Rg6+ 34.
Kf1 Qxb3 35. Re3 Qxd5 36. Rxh3+ Bh5 37. Bxg6+ fxg6 0-1

[Event "1.CLZ 24/25,Slavoj Litomerice-Lysa nad Labem B"]
[Site "Litomerice"]
[Date "2025.01.05"]
[Round "5.4"]
[White "Jansa, Vlastimil"]
[Black "Buchcar, Tomas"]
[WhiteElo "2272"]
[BlackElo "2179"]
[Result "0-1"]
[PlyCount "144"]

1. e4 c6 2. d4 d5 3. Nd2 dxe4 4. Nxe4 Nf6 5. Nxf6+ exf6 6. c3 Bd6 7. Bd3 O-O 8.
Qc2 Re8+ 9. Ne2 h5 10. Be3 Nd7 11. O-O-O Nf8 12. Kb1 Qc7 13. c4 b6 14. Ng3 g6
15. Ne4 Be7 16. d5 cxd5 17. cxd5 Qxc2+ 18. Bxc2 Bg4 19. f3 Bd7 20. Bd4 f5 21.
Nf6+ Bxf6 22. Bxf6 Re2 23. g3 Bb5 24. d6 Nd7 25. Be7 Rc8 26. Bb3 Rc5 27. Rd5
Bc6 28. Rxc5 bxc5 29. Rd1 Kg7 30. Bd5 Bxd5 31. Rxd5 f6 32. b4 cxb4 33. Ra5 a6
34. Rxa6 Kf7 35. Ra4 b3 36. axb3 Rxh2 37. Ra7 Ke6 38. b4 f4 39. gxf4 Rd2 40.
Ra8 Rd4 41. Rg8 Rxb4+ 42. Kc2 Kf5 43. Rd8 Rb7 44. Rg8 Rb8 45. Rxb8 Nxb8 46. Kd3
Nd7 47. Ke3 Ke6 48. Kf2 Nc5 49. Kg3 f5 50. Kf2 Nb7 51. Ke3 Nxd6 52. Bg5 Kd5 53.
Bf6 Kc4 54. Ke2 Nb5 55. Ke3 Nc3 56. Bg5 Nd5+ 57. Ke2 Kc3 58. Kf2 Kd2 59. Bd8
Kd3 60. Bg5 Nc7 61. Kg3 Ke3 62. Bf6 Ne6 63. Be7 Ke2 64. Bf6 Kd3 65. Be7 Ke3 66.
Bd6 Ke2 67. Be5 Nc5 68. Bd6 Nd3 69. Kh4 Kxf3 70. Kg5 Kg3 71. Kxg6 Kg4 72. Be7
Nxf4+ 0-1

[Event "1.CLZ 24/25,Slavoj Litomerice-Lysa nad Labem B"]
[Site "Litomerice"]
[Date "2025.01.05"]
[Round "5.5"]
[White "Chaloupka, Vladimir"]
[Black "Cerveny, Martin"]
[WhiteElo "2094"]
[BlackElo "2324"]
[Result "0-1"]
[PlyCount "70"]

1. d4 Nf6 2. c4 e6 3. Nc3 d5 4. cxd5 Nxd5 5. e4 Nxc3 6. bxc3 c5 7. Nf3 cxd4 8.
Bb5+ Bd7 9. Bxd7+ Nxd7 10. cxd4 Bb4+ 11. Bd2 Bxd2+ 12. Nxd2 O-O 13. O-O Nf6 14.
e5 Nd5 15. Ne4 b5 16. Rb1 b4 17. Rb3 Qh4 18. Re1 Rac8 19. Rh3 Qf4 20. g3 Qf5
21. Rh5 Rc1 22. Qxc1 Qxh5 23. Qc5 Qf3 24. Qxa7 h5 25. h4 Nc3 26. Nxc3 bxc3 27.
Qc5 Rb8 28. Rc1 Rb2 29. d5 Rd2 30. dxe6 fxe6 31. Rf1 c2 32. Qc4 Qd3 33. Qxe6+
Kh7 34. Kh2 c1=Q 35. Qf7 Qc6 0-1

[Event "1.CLZ 24/25,Slavoj Litomerice-Lysa nad Labem B"]
[Site "Litomerice"]
[Date "2025.01.05"]
[Round "5.6"]
[White "Suran, Jan"]
[Black "Filindash, Nikita"]
[WhiteElo "2370"]
[BlackElo "2072"]
[Result "1-0"]
[PlyCount "99"]

1. e4 e5 2. Nf3 Nf6 3. d3 Nc6 4. Be2 d5 5. Nbd2 Be7 6. O-O O-O 7. Re1 Re8 8. c3
h6 9. b4 a6 10. a3 Bf8 11. Qc2 b6 12. Bb2 Bb7 13. Bf1 dxe4 14. dxe4 Nb8 15.
Rad1 Nbd7 16. c4 a5 17. c5 bxc5 18. bxa5 Bd6 19. Nc4 Qe7 20. Bc3 Ra7 21. Nfd2
Nb8 22. Ne3 g6 23. Bb5 Rd8 24. Qa4 c6 25. Bf1 Bc7 26. f3 Nbd7 27. Ndc4 Rda8 28.
Qb3 Ba6 29. Qb2 Bb5 30. Qc2 h5 31. a4 Ba6 32. Rb1 Ne8 33. Nb6 Rb8 34. Nxd7 Rxb1
35. Rxb1 Qxd7 36. Bxa6 Rxa6 37. Nc4 f6 38. Qe2 Ra7 39. Qe3 Qe7 40. Be1 Ng7 41.
Nb6 Rb7 42. Nc8 Qd7 43. Rxb7 Qxc8 44. Qb3+ Kh7 45. a6 Ne6 46. Rxc7+ Nxc7 47.
Qf7+ Kh6 48. Bd2+ g5 49. Qxf6+ Kh7 50. Qe7+ 1-0

[Event "1.CLZ 24/25,Slavoj Litomerice-Lysa nad Labem B"]
[Site "Litomerice"]
[Date "2025.01.05"]
[Round "5.7"]
[White "Sokolovsky, Jakub"]
[Black "Mikes, Jan"]
[WhiteElo "2061"]
[BlackElo "2353"]
[Result "0-1"]
[PlyCount "70"]

1. e4 c6 2. d4 d5 3. e5 Bf5 4. h4 h5 5. Bd3 Bxd3 6. Qxd3 e6 7. Bg5 Qa5+ 8. Nd2
c5 9. c4 cxd4 10. Ngf3 Nc6 11. O-O Be7 12. Qb3 O-O-O 13. Rac1 Bxg5 14. hxg5
Nge7 15. Qb5 dxc4 16. Qxa5 Nxa5 17. b4 Nac6 18. Nxc4 Kb8 19. b5 Nb4 20. a3 Nd3
21. Rcd1 Nf4 22. Nd6 Rhf8 23. Nxd4 Ned5 24. Kh2 Ng6 25. Nc4 Rc8 26. Rc1 Rc5 27.
Nd6 Rxc1 28. Rxc1 Nxe5 29. f3 Rd8 30. Ne4 Nf4 31. Nc2 Rc8 32. Nd6 Rc7 33. Ne8
Rc3 34. b6 axb6 35. g3 Nfd3 0-1

[Event "1.CLZ 24/25,Slavoj Litomerice-Lysa nad Labem B"]
[Site "Litomerice"]
[Date "2025.01.05"]
[Round "5.8"]
[White "Spacek, Petr"]
[Black "Hula, Lukas"]
[WhiteElo "2274"]
[BlackElo "2011"]
[Result "1/2-1/2"]
[PlyCount "162"]

1. Nf3 d5 2. b3 Bf5 3. Bb2 Nd7 4. g3 Ngf6 5. Bg2 e6 6. O-O Be7 7. d3 O-O 8.
Nbd2 h6 9. Re1 c6 10. e4 Bh7 11. Qe2 dxe4 12. dxe4 Qc7 13. a3 Rfd8 14. Rad1 b5
15. h3 a6 16. Nh2 Qb6 17. e5 Ne8 18. Be4 Nc5 19. Qe3 Qc7 20. Bxh7+ Kxh7 21. Bd4
Nd7 22. Bb2 Nc5 23. Ng4 Rd5 24. Ne4 Nxe4 25. Qxe4+ Kg8 26. Ne3 Rxd1 27. Rxd1
Rd8 28. Rxd8 Bxd8 29. a4 Qd7 30. axb5 axb5 31. Qd4 Qxd4 32. Bxd4 Kf8 33. Bc5+
Be7 34. Bb6 Bb4 35. Nd1 Ke7 36. Nb2 Kd7 37. Nd3 Be7 38. Kg2 Bd8 39. Bc5 Be7 40.
Kf3 Nc7 41. c4 bxc4 42. bxc4 Na6 43. Bxe7 Kxe7 44. Ke4 c5 45. f4 Kd7 46. g4 Ke7
47. h4 g6 48. f5 Ke8 49. Nf4 gxf5+ 50. gxf5 Ke7 51. f6+ Kf8 52. Nd3 Kg8 53. Kf4
Kf8 54. Kg4 Kg8 55. Kf3 Kf8 56. Ke3 Ke8 57. h5 Kd8 58. Nf2 Ke8 59. Ne4 Nb8 60.
Nxc5 Nc6 61. Nd3 Kd7 62. Ke4 Na5 63. Nf2 Nxc4 64. Ng4 Ke8 65. Nxh6 Kf8 66. Ng4
Nd2+ 67. Kf4 Kg8 68. Ke3 Nf1+ 69. Kd4 Ng3 70. h6 Kh7 71. Kc5 Ne4+ 72. Kc6 Kg6
73. Kd7 Ng5 74. Ke7 Kh7 75. Kf8 Kh8 76. Ne3 Kh7 77. Nc4 Kxh6 78. Nd6 Kg6 79.
Ke7 Nf3 80. Nxf7 Kf5 81. Kd6 Nxe5 1/2-1/2

[Event "1.CLZ 24/25,TJ Pankrac-Spartak Vlasim"]
[Site "Praha"]
[Date "2025.01.05"]
[Round "5.2"]
[White "Rydl, Jiri"]
[Black "Dolezal, Radoslav"]
[WhiteElo "2398"]
[BlackElo "2332"]
[Result "1/2-1/2"]
[PlyCount "55"]

1. c4 e6 2. g3 d5 3. Bg2 c6 4. Nf3 b5 5. b3 Ba6 6. cxb5 cxb5 7. O-O Nc6 8. Bb2
Nf6 9. d3 Be7 10. Nbd2 O-O 11. Rc1 Qb6 12. Qc2 Rac8 13. Qb1 b4 14. Qa1 Rc7 15.
Ne5 Rfc8 16. Ndf3 Nxe5 17. Bxe5 Rxc1 18. Rxc1 Rxc1+ 19. Qxc1 Nd7 20. Bd4 Bc5
21. Bxc5 Qxc5 22. Qxc5 Nxc5 23. Nd4 Bb7 24. f4 Kf8 25. Kf2 Ke7 26. Ke3 Kd6 27.
Nb5+ Kc6 28. Nd4+ 1/2-1/2

[Event "1.CLZ 24/25,TJ Pankrac-Spartak Vlasim"]
[Site "Praha"]
[Date "2025.01.05"]
[Round "5.3"]
[White "Constantinou, Peter"]
[Black "Vojta, Jakub"]
[WhiteElo "2243"]
[BlackElo "2269"]
[Result "0-1"]
[PlyCount "134"]

1. d4 Nf6 2. Nf3 e6 3. c3 c5 4. Bg5 cxd4 5. cxd4 Qa5+ 6. Nc3 Ne4 7. Bd2 Nxd2 8.
Qxd2 d5 9. e3 Nc6 10. Bd3 Bd6 11. O-O O-O 12. a3 f5 13. Nb5 Qxd2 14. Nxd2 Bb8
15. f4 Bd7 16. Rac1 Rc8 17. Nb3 b6 18. Nc3 a6 19. Rc2 Ne7 20. Rfc1 Bd6 21. Nd2
Be8 22. Nf3 h6 23. Kf2 Kf8 24. g3 Ng8 25. Ne5 Nf6 26. h3 Rc7 27. Ne2 Rxc2 28.
Rxc2 a5 29. Kf3 h5 30. Nc3 Rc8 31. Nb1 Rxc2 32. Bxc2 Ne4 33. Bd3 g5 34. Kg2
gxf4 35. gxf4 Ke7 36. Nf3 b5 37. Nfd2 b4 38. axb4 Bxb4 39. Nxe4 fxe4 40. Be2 h4
41. Kf2 Ba4 42. Na3 Bd2 43. Nb1 Bc1 44. Nc3 Bb3 45. Bb5 Bxb2 46. Na4 Ba3 47.
Nc3 Bb4 48. Na4 Kd6 49. Nb2 Kc7 50. Na4 Bc4 51. Be8 Kd8 52. Bc6 Kc7 53. Be8 Ba6
54. Nb2 Ba3 55. Na4 Bb7 56. Nc3 Bb4 57. Na2 Bc6 58. Bh5 Bd6 59. Bg4 Bd7 60. Ke2
Bb5+ 61. Kd2 Bc4 62. Nc3 Bb4 63. Bxe6 Bb3 64. f5 a4 65. f6 Kd6 66. Bg4 a3 67.
f7 Ke7 0-1

[Event "1.CLZ 24/25,TJ Pankrac-Spartak Vlasim"]
[Site "Praha"]
[Date "2025.01.05"]
[Round "5.4"]
[White "Mejzlik, Ondrej"]
[Black "Matras, Ondrej"]
[WhiteElo "2249"]
[BlackElo "2092"]
[Result "0-1"]
[PlyCount "120"]

1. c4 e6 2. d4 Nf6 3. Nf3 d5 4. Nc3 c6 5. e3 Nbd7 6. cxd5 exd5 7. Bd3 Bd6 8.
O-O O-O 9. Qc2 Re8 10. Re1 Nf8 11. e4 dxe4 12. Nxe4 Nxe4 13. Rxe4 Rxe4 14. Bxe4
h6 15. Be3 Be6 16. Ne5 Qc7 17. f4 f6 18. Nd3 Re8 19. Bf2 Bf7 20. Re1 Bxf4 21.
Nxf4 Qxf4 22. b3 Kh8 23. Qd3 Bd5 24. g3 Qd6 25. Bf5 Rxe1+ 26. Bxe1 Ne6 27. Bd2
Nc7 28. Bf4 Qe7 29. Kf2 Bg8 30. Qe3 Qxe3+ 31. Bxe3 Nb5 32. a4 Nc3 33. Bd2 Nd1+
34. Ke1 Bxb3 35. a5 Nb2 36. Bb4 b6 37. Kd2 Bd5 38. a6 Nc4+ 39. Kc3 Ne3 40. Bd3
Be6 41. Bd6 Nd5+ 42. Kd2 Bc8 43. Bb8 b5 44. Bxa7 Bxa6 45. Bf5 b4 46. Bc5 Bb5
47. Kc1 Ne3 48. Bd7 b3 49. h3 Bf1 50. Bxc6 Nc4 51. Be4 b2+ 52. Kd1 Bxh3 53. Bb1
Bg4+ 54. Ke1 Bf3 55. Bb4 g5 56. Kf2 g4 57. Ke1 Kg7 58. Kf2 Kf7 59. Ke1 Ke6 60.
Ba2 Kf5 0-1

[Event "1.CLZ 24/25,TJ Pankrac-Spartak Vlasim"]
[Site "Praha"]
[Date "2025.01.05"]
[Round "5.5"]
[White "Soural, Jan"]
[Black "Pychova, Nela"]
[WhiteElo "2152"]
[BlackElo "2117"]
[Result "0-1"]
[PlyCount "144"]

1. Nf3 Nf6 2. c4 e6 3. g3 c5 4. Bg2 Be7 5. O-O O-O 6. Nc3 a6 7. d4 cxd4 8. Nxd4
Ra7 9. b3 b6 10. Bb2 Bb7 11. e4 d6 12. Re1 Nbd7 13. Qc2 Qa8 14. Rad1 Rc8 15.
Qb1 Bf8 16. Nc2 Nc5 17. Nd4 Ncd7 18. Nc2 Nc5 19. Nd4 Ncd7 20. f3 Qb8 21. Nc2
Ba8 22. a4 Nc5 23. Ba1 Bc6 24. Nd4 Be8 25. Bf1 Bd7 26. Rd2 e5 27. Nc2 Be6 28.
Nb4 Nb7 29. Ncd5 Na5 30. Nxf6+ gxf6 31. Nd5 Bg7 32. Bc3 Nc6 33. Red1 Bxd5 34.
Rxd5 Bf8 35. b4 Rd8 36. Qc1 Ne7 37. R5d3 Nc6 38. Qd2 Rc8 39. Rd5 a5 40. bxa5
bxa5 41. Rb5 Qc7 42. Rdb1 Rca8 43. Kg2 Nd8 44. Qe1 Ne6 45. Bd2 Nc5 46. Be3 Rd8
47. Qd2 Rc8 48. Kg1 Qc6 49. Bh3 Rca8 50. Bf5 Qe8 51. Qg2 h6 52. Qh3 Bg7 53.
Bxh6 Rd8 54. Qg4 Qf8 55. Be3 Qe8 56. h4 Rc7 57. Bh6 Ne6 58. h5 Kh8 59. Rb7 Bxh6
60. Bxe6 Rxb7 61. Rxb7 Qxe6 62. Qxe6 fxe6 63. Kf2 Rc8 64. Ra7 Rxc4 65. Rxa5
Rc2+ 66. Kf1 Be3 67. Ra6 Bc5 68. Ra8+ Kg7 69. Re8 Rf2+ 70. Kg1 Rxf3+ 71. Kg2
Ra3 72. Ra8 d5 0-1

[Event "1.CLZ 24/25,TJ Pankrac-Spartak Vlasim"]
[Site "Praha"]
[Date "2025.01.05"]
[Round "5.7"]
[White "Istona, Martin"]
[Black "Dudek, Vojtech"]
[WhiteElo "2218"]
[BlackElo "2150"]
[Result "1/2-1/2"]
[PlyCount "73"]

1. e4 c5 2. Nf3 Nc6 3. d4 cxd4 4. Nxd4 g6 5. Nc3 Bg7 6. Be3 Nf6 7. Bc4 Qa5 8.
O-O O-O 9. Bb3 d6 10. h3 Bd7 11. Re1 Rfe8 12. Qd3 Rac8 13. f4 Nb4 14. Qf1 Na6
15. Qf3 e5 16. Nde2 Nc5 17. fxe5 dxe5 18. Bg5 Qb6 19. Kh1 Nxb3 20. axb3 a6 21.
Rf1 Bb5 22. Nxb5 axb5 23. Bxf6 Bxf6 24. Qxf6 Qxf6 25. Rxf6 Rxc2 26. Nc3 Rd8 27.
Rd1 Rxd1+ 28. Nxd1 Re2 29. Nc3 Rxb2 30. Nxb5 Rxb3 31. Nd6 Rb6 32. Kh2 Rc6 33.
Ne8 Rc8 34. Nd6 Rc6 35. Ne8 Rc8 36. Nd6 Rc6 37. Ne8 1/2-1/2

[Event "1.CLZ 24/25,TJ Pankrac-Spartak Vlasim"]
[Site "Praha"]
[Date "2025.01.05"]
[Round "5.8"]
[White "Vojta, Tomas"]
[Black "Soucek, Jan"]
[WhiteElo "2331"]
[BlackElo "2294"]
[Result "1-0"]
[PlyCount "89"]

1. e4 c6 2. Nc3 d5 3. Nf3 Bg4 4. h3 Bxf3 5. Qxf3 e6 6. g3 Nd7 7. Bg2 Qb6 8. O-O
d4 9. Nb1 Qc5 10. Qb3 O-O-O 11. d3 g5 12. c3 Bg7 13. Bd2 h5 14. Na3 g4 15. h4
Qb6 16. Qc2 Ne7 17. Rac1 Ng6 18. b4 dxc3 19. Bxc3 Bxc3 20. Qxc3 Nde5 21. Rfd1
Qd4 22. b5 Kb8 23. bxc6 Qxc3 24. Rxc3 Nxc6 25. Nc2 Nd4 26. Nxd4 Rxd4 27. f4 e5
28. fxe5 Nxe5 29. Rf1 Rc8 30. Rxc8+ Kxc8 31. Rf5 Nxd3 32. Rxh5 f6 33. Rd5 Rxd5
34. exd5 Kd7 35. Be4 Ne5 36. Kf2 Kd6 37. Ke3 Nf7 38. Kf4 Nh6 39. Bf5 Kxd5 40.
Be4+ Kd4 41. Bxb7 Kc3 42. Bc8 Kb2 43. Bxg4 Kxa2 44. Be6+ Kb2 45. g4 1-0

[Event "1.CLZ 24/25,Zikuda Turnov B-Ricany 1925"]
[Site "Turnov"]
[Date "2025.01.05"]
[Round "5.1"]
[White "Finek, Vaclav"]
[Black "Nemec, Jachym"]
[WhiteElo "2483"]
[BlackElo "2417"]
[Result "0-1"]
[PlyCount "78"]

1. d4 Nf6 2. c4 e6 3. Nf3 d5 4. g3 Bb4+ 5. Bd2 Bd6 6. Bg2 O-O 7. O-O c6 8. Bg5
Nbd7 9. Nbd2 h6 10. Bxf6 Nxf6 11. Qc2 b6 12. e4 Be7 13. e5 Nd7 14. cxd5 cxd5
15. Rfc1 Nb8 16. a3 Bd7 17. Nf1 Nc6 18. Ne3 Rc8 19. Qd3 b5 20. h4 Qb6 21. Bf1
Na5 22. Ng2 Rxc1 23. Rxc1 Nc4 24. Rb1 b4 25. Nf4 Rb8 26. a4 Bxa4 27. Nh2 Rc8
28. Rc1 b3 29. Bh3 Rc6 30. Rb1 Nxb2 31. Rxb2 Rc1+ 32. Kg2 Ba3 33. Rd2 b2 34.
Qxa3 b1=Q 35. Qxa4 Rg1+ 36. Kf3 Qe4+ 37. Kg4 Qd8 38. Re2 h5+ 39. Kxh5 Qxf4 0-1

[Event "1.CLZ 24/25,Zikuda Turnov B-Ricany 1925"]
[Site "Turnov"]
[Date "2025.01.05"]
[Round "5.2"]
[White "Smolik, Jachym"]
[Black "Simacek, Pavel"]
[WhiteElo "2309"]
[BlackElo "2426"]
[Result "1-0"]
[PlyCount "71"]

1. c4 e5 2. g3 c6 3. d4 Bb4+ 4. Bd2 Bxd2+ 5. Qxd2 d6 6. Nc3 Nf6 7. Bg2 O-O 8.
e3 Nbd7 9. Nge2 Re8 10. O-O e4 11. b4 Nb6 12. c5 Nc4 13. Qc2 d5 14. h3 h5 15.
a4 h4 16. Nd1 Nh7 17. Nb2 Nxb2 18. Qxb2 Re6 19. Nf4 Rh6 20. g4 g5 21. Nh5 f5
22. f3 Bd7 23. Qe2 Qe7 24. fxe4 dxe4 25. Rf2 fxg4 26. hxg4 Rf8 27. Rxf8+ Nxf8
28. Rf1 Nh7 29. Kh2 Qe6 30. Qf2 Be8 31. Bh3 Bd7 32. Bg2 Qe8 33. Bxe4 Rxh5 34.
gxh5 Qxe4 35. Qf7+ Kh8 36. h6 1-0

[Event "1.CLZ 24/25,Zikuda Turnov B-Ricany 1925"]
[Site "Turnov"]
[Date "2025.01.05"]
[Round "5.3"]
[White "Haba, Petr"]
[Black "Seidl, Jan"]
[WhiteElo "2429"]
[BlackElo "2272"]
[Result "1-0"]
[PlyCount "81"]

1. d4 Nf6 2. c4 e6 3. g3 c5 4. d5 exd5 5. cxd5 d6 6. Nc3 g6 7. Bg2 Bg7 8. Nf3
O-O 9. O-O Re8 10. Re1 a6 11. a4 Nbd7 12. Bf4 Qe7 13. h3 Nh5 14. Bg5 Bf6 15.
Bxf6 Nhxf6 16. Rb1 Ne5 17. Nd2 g5 18. Qc2 Bd7 19. a5 Qd8 20. e4 Bb5 21. Nxb5
axb5 22. b4 c4 23. Qc3 b6 24. Qe3 Nfd7 25. axb6 Nxb6 26. Nf3 Nd3 27. Nxg5 Nxd5
28. Qd2 N5xb4 29. Rxb4 Nxb4 30. Nxf7 Kxf7 31. Qxb4 Qa5 32. Qb1 Kg7 33. Rd1 b4
34. e5 Ra7 35. exd6 Qc5 36. Rd5 Qc8 37. Qxb4 Qe6 38. Qc3+ Kh6 39. d7 Rd8 40.
Qd2+ Kg7 41. Qg5+ 1-0

[Event "1.CLZ 24/25,Zikuda Turnov B-Ricany 1925"]
[Site "Turnov"]
[Date "2025.01.05"]
[Round "5.4"]
[White "Prazak, Daniel"]
[Black "Sodoma, Jan"]
[WhiteElo "2314"]
[BlackElo "2337"]
[Result "0-1"]
[PlyCount "88"]

1. e4 e5 2. Nf3 Nc6 3. Bc4 Nf6 4. Ng5 d5 5. exd5 Na5 6. Bb5+ c6 7. dxc6 bxc6 8.
Bd3 h6 9. Ne4 Nd5 10. O-O Nf4 11. Be2 Be7 12. d3 Nxe2+ 13. Qxe2 O-O 14. Nbd2 f5
15. Nc3 Bd6 16. Nb3 Bd7 17. f4 Qc7 18. Qf2 Rae8 19. fxe5 Rxe5 20. Bf4 c5 21.
Nxa5 Qxa5 22. Rae1 Qc7 23. Bxe5 Bxe5 24. Rxe5 Qxe5 25. Re1 Qd6 26. Nb1 Be6 27.
Nd2 Bd5 28. Nb3 Bxb3 29. axb3 f4 30. Ra1 Rf5 31. Rxa7 f3 32. gxf3 Qg6+ 33. Kh1
Qf6 34. Qe1 Re5 35. Qg3 Re2 36. Qg4 Qe5 37. f4 Qd5+ 38. Kg1 Qd4+ 39. Kh1 Re1+
40. Kg2 Rg1+ 41. Kh3 Rxg4 42. Kxg4 Qxb2 43. c4 Qxh2 44. Rd7 h5+ 0-1

[Event "1.CLZ 24/25,Zikuda Turnov B-Ricany 1925"]
[Site "Turnov"]
[Date "2025.01.05"]
[Round "5.5"]
[White "Sorm, Daniel"]
[Black "Trickov, Vasil"]
[WhiteElo "2269"]
[BlackElo "2310"]
[Result "1-0"]
[PlyCount "107"]

1. d4 d5 2. c4 c6 3. Nf3 Nf6 4. Nc3 dxc4 5. e4 b5 6. Be2 b4 7. Na4 Nxe4 8. Bxc4
Nd6 9. Bb3 e6 10. Bg5 Be7 11. Bxe7 Qxe7 12. Qd2 Ne4 13. Qc2 Nf6 14. O-O O-O 15.
Ne5 Qd6 16. Rfd1 Nbd7 17. Qxc6 Qxc6 18. Nxc6 Bb7 19. Nxb4 a5 20. Nd3 Bd5 21.
Bxd5 Nxd5 22. Rac1 Rfd8 23. Kf1 Rab8 24. b3 N7b6 25. Nxb6 Rxb6 26. Rc5 Ra6 27.
Rdc1 Raa8 28. Ne5 a4 29. Nc6 Rd6 30. b4 Kf8 31. Ra5 Rc8 32. b5 Nb4 33. Rxa4
Nxc6 34. Rac4 Ke7 35. Rxc6 Rcxc6 36. bxc6 Kd8 37. c7+ Kc8 38. Rc4 Rb6 39. a4
Rb2 40. g4 g5 41. Kg2 Ra2 42. Kf3 h6 43. Ke3 Rb2 44. a5 Ra2 45. Rc5 Ra1 46. Ke4
Ra2 47. Ke5 Rxf2 48. Kd6 Rf4 49. Rc4 e5 50. Kxe5 Rxg4 51. a6 Rg2 52. Ra4 Kxc7
53. a7 Re2+ 54. Kd5 1-0

[Event "1.CLZ 24/25,Zikuda Turnov B-Ricany 1925"]
[Site "Turnov"]
[Date "2025.01.05"]
[Round "5.6"]
[White "Lajbl, Jan"]
[Black "Vitak, Jiri"]
[WhiteElo "2210"]
[BlackElo "2266"]
[Result "1/2-1/2"]
[PlyCount "55"]

1. e4 c5 2. Nc3 Nc6 3. Nge2 g6 4. d4 cxd4 5. Nxd4 Bg7 6. Nb3 Nf6 7. Be2 O-O 8.
O-O d6 9. Re1 Be6 10. Bf1 a5 11. a4 Rc8 12. Bg5 h6 13. Bh4 Qb6 14. Nd5 Bxd5 15.
exd5 Ne5 16. Bb5 Rc7 17. Rb1 Nh5 18. c3 Rfc8 19. Kf1 Bf6 20. Bxf6 Nxf6 21. h3
g5 22. Qd2 Kh7 23. Rbd1 Rg8 24. Qc2+ Kh8 25. Qf5 g4 26. Rd4 Rg5 27. Qf4 gxh3
28. gxh3 1/2-1/2